000 00306nam a22001337a 4500
008 170714b xxu||||| |||| 00| 0 eng d
020 _a9780062755018
041 _aeng
080 _a030
100 _a24
101 _aFJA
245 _aHARPER COLLINS GERMAN DICTIONARY
_cCOLLUIN.H
942 _2udc
_cBK
999 _c20884
_d20884